02167nam a22003615i 450000100090000000300050000900500170001400800410003101000170007202000310008903500130012004000290013304200080016205000220017008200230019210000340021524500520024925000170030126300090031826400610032730000290038833600260041733700280044333800270047149000160049850000200051450510190053465000180155390600450157194200460161695201260166299900170178822917353CSPC20250818102218.0230104s2023 inu 000 0 eng  a 2023930078 a9781394168552q(paperback) a22917353 aDLCbengerdacDLCdCSPC apcc00aQA531b.S783 202300222a516.24bSt454t1 aSterling, Mary Jane,eauthor.10aTrigonometry for dummies /cMary Jane Sterling. a3rd edition. a2301 1aHoboken, New Jersey :bJohn Wiley and Sons, Inc.,c2023. axii, 388 pages ;c24 cm. atextbtxt2rdacontent aunmediatedbn2rdamedia avolumebnc2rdacarrier0 aFor dummies aIncludes index.0 aIntroduction -- Part 1: Getting started with trigonometry -- Taking on trig technicalities -- Cooperating with cartesian coordinates -- Finding degrees in triangles and planes -- Dishing out the Pi: radians -- tackling right triangles -- Part 2: Trigonometric functions -- Describing trig functions -- Relating triangles to circular functions -- Taking trig functions global -- Applying yourself to trig functions -- Part 3: Identities -- Introducing basic identities -- Operating on identities -- Proving identities: the basics -- Sleuthing out identity solutions -- Part 4: Equations and applications -- Investigating inverse trig functions -- Making inverse trig work for you -- Solving trig equations -- Obeying the laws and applying them -- Part 5: The graphs of trig functions -- Graphing sine and cosine -- Graphing tangent and cotangent -- Graphing two more trig functions -- Topping off trig graphs -- Part 6: The part of tens -- Ten basic identities ... plus some bonuses -- Ten not-so-basic identities. 0aTrigonometry. a0bibccorignewd2eepcnf20gy-gencatlg 2ddccBKe22h516.24iSt454tk2023mENGn0 00102ddc4070aCSPCbCSPCcENGd2025-08-15l0oENG 516.24 St454t 2023p029980r2025-08-15 10:44:45t1-1w2025-08-15yBK c30055d30055